000 00936nam a2200289 i 4500
001 13150
003 ES-MaACL
005 20240301062531.0
007 t|
008 921118s1990 sp ||||0| spa d
016 7 _zCEN920133587
020 _a84-7483-683-2
040 _aCEN
_bspa
_cCEN
080 _a76 Gil, Daniel (064.3)
100 1 _aGil, Daniel.
_956722
245 1 0 _aDaniel Gil, diseñador gráfico
_b: [exposición], Biblioteca Nacional.
260 _a[Madrid] :
_bDirección General del Libro y Bibliotecas,
_cD.L. 1990.
300 _a72 p :
_bil ;
_c30 cm.
504 _aBibliografía.
600 1 4 _aGil, Daniel-
_vExposiciones.
_956723
655 7 _2tgfbne
_9193628
_aCatálogos de exposiciones
710 2 _aBiblioteca Nacional (España)
_92188
710 1 _aEspaña.
_bDirección General del Libro y Bibliotecas.
_93788
852 _aES-MaACL
_jL-20460
_bR.123433
942 _2udc
999 _c13150
_d13150